|
|
|
|
| LEADER |
00000nab a2200000 a 4500 |
| 001 |
vtls009091344 |
| 003 |
SK-MaSNL |
| 005 |
20260304151314.0 |
| 008 |
250506c2007 xo |||||||||||000 b|slo |
| 015 |
|
|
|a SNBRB2007/09
|2 snkbucl
|
| 035 |
|
|
|a (uuid)4e0cbaed-678b-4887-b7cd-bf2c36af883d
|
| 035 |
|
|
|a urn:nbn:sk:snk-ab10tr
|
| 035 |
|
|
|a (urnnbn)urn:nbn:sk:snk:ar-a04xbd
|
| 038 |
|
|
|a SNKBUCL
|
| 040 |
|
|
|a SNKBUCL
|b slo
|c SNKBUCL
|e AACR2
|
| 041 |
0 |
|
|a slo
|
| 044 |
|
|
|a xo
|c SK
|
| 080 |
|
|
|a 524-338
|2 2001
|
| 245 |
0 |
0 |
|a Najstaršia hviezda má 13,2 miliardy rokov
|
| 300 |
|
|
|b Graf, obr.
|
| 500 |
|
|
|a Zdroj: Astrophysical Journal
|
| 650 |
0 |
7 |
|a hviezdy
|2 snkbucl
|9 731
|
| 650 |
0 |
7 |
|a vek hviezd
|2 snkbucl
|9 1472667
|
| 773 |
0 |
|
|t Kozmos
|g Roč. XXXVIII, č. 4 (2007), s. 3
|x 0323-049X
|
| 850 |
|
|
|a Slovenská národná knižnica
|
| 852 |
|
|
|a Slovenská národná knižnica
|
| 954 |
|
|
|a odborná, vedecká literatúra pôvodná (slovenská)
|2 lita
|
| 958 |
|
|
|a article27
|
| 958 |
|
|
|a OND
|
| 958 |
|
|
|a EUIPO
|
| 999 |
|
|
|c 2942811
|d 2944741
|